000 00310nam a22001337a 4500
008 170926b xxu||||| |||| 00| 0 eng d
020 _a2900073535448
041 _aeng
080 _26TH
_a37
100 _a46
101 _aEDU
245 _aDEUX MONDES ACOMMUNICATIVE APPROACH
_cTERRELL,T.D
942 _2udc
_cBK
999 _c29974
_d29974